000 00525nam a2200157Ia 4500
008 210716s2002 xx 000 0 und d
020 _a8178088053
041 _aeng
082 _a005.44 BECM
100 _aBeck, M; Bohme, H; Dziadzka, M; Kunitz, U; Magnus, R; Schroter, C;Verworner, D.
245 _aLinux kernel programming: algorithms and structurres of version 2.4.
_bAlgorithms and structurres of version 2.4.
250 _a3
260 _aNew Delhi
_bPearson Education
_c2002
300 _axiv,471
650 _aLinux
999 _c185193
_d185193